<?xml version="1.0" encoding="UTF-8"?>
<record
    xmlns:xsi="http://www.w3.org/2001/XMLSchema-instance"
    xsi:schemaLocation="http://www.loc.gov/MARC21/slim http://www.loc.gov/standards/marcxml/schema/MARC21slim.xsd"
    xmlns="http://www.loc.gov/MARC21/slim">

  <leader>00784nam a22001577a 4500</leader>
  <controlfield tag="003">OSt</controlfield>
  <controlfield tag="005">20151003144959.0</controlfield>
  <controlfield tag="008">151003b        xxu||||| |||| 00| 0 eng d</controlfield>
  <datafield tag="040" ind1=" " ind2=" ">
    <subfield code="c">RUA</subfield>
  </datafield>
  <datafield tag="082" ind1=" " ind2=" ">
    <subfield code="a">AVM MAO 1996 B070 Or.1</subfield>
  </datafield>
  <datafield tag="100" ind1=" " ind2=" ">
    <subfield code="9">1909</subfield>
    <subfield code="a">MAO, MONY.</subfield>
  </datafield>
  <datafield tag="245" ind1=" " ind2=" ">
    <subfield code="a">Study on animal movement control and products which come from exit-entry animal through city guards, &#x1794;&#x17D2;&#x179A;&#x1792;&#x17B6;&#x1793;&#x1794;&#x1791;&#x17C8; &#x1780;&#x17B6;&#x179A;&#x17A2;&#x1784;&#x17D2;&#x1782;&#x17C1;&#x178F;&#x179F;&#x17D2;&#x178F;&#x17B8;&#x1796;&#x17B8; &#x1780;&#x17B6;&#x179A;&#x178F;&#x17D2;&#x179A;&#x17BD;&#x178F;&#x1796;&#x17B7;&#x1793;&#x17B7;&#x178F;&#x17D2;&#x1799;&#x1785;&#x179B;&#x1793;&#x17B6;&#x179F;&#x178F;&#x17D2;&#x179C; &#x1793;&#x17B7;&#x1784;&#x1795;&#x179B;&#x17B7;&#x178F;&#x1795;&#x179B;&#x178A;&#x17C2;&#x179B;&#x1798;&#x17B6;&#x1793;&#x178A;&#x17BE;&#x1798;&#x1780;&#x17C6;&#x178E;&#x17BE;&#x178F;&#x1796;&#x17B8;&#x179F;&#x178F;&#x17D2;&#x179C;&#x1785;&#x17C1;&#x1789;-&#x1785;&#x17BC;&#x179B;&#x178F;&#x17B6;&#x1798;&#x1785;&#x17D2;&#x179A;&#x1780;&#x1791;&#x17D2;&#x179C;&#x17B6;&#x179A;&#x17B6;&#x1787;&#x1792;&#x17B6;&#x1793;&#x17B8;&#x1797;&#x17D2;&#x1793;&#x17C6;&#x1796;&#x17C1;&#x1789;.</subfield>
  </datafield>
  <datafield tag="260" ind1=" " ind2=" ">
    <subfield code="a">phnom phen</subfield>
    <subfield code="b">RUA</subfield>
    <subfield code="c">1996</subfield>
  </datafield>
  <datafield tag="300" ind1=" " ind2=" ">
    <subfield code="a">51p.</subfield>
    <subfield code="b">ill.</subfield>
    <subfield code="c">29cm.</subfield>
  </datafield>
  <datafield tag="942" ind1=" " ind2=" ">
    <subfield code="2">ddc</subfield>
    <subfield code="c">AVM</subfield>
  </datafield>
  <datafield tag="999" ind1=" " ind2=" ">
    <subfield code="c">1805</subfield>
    <subfield code="d">1805</subfield>
  </datafield>
  <datafield tag="952" ind1=" " ind2=" ">
    <subfield code="0">0</subfield>
    <subfield code="1">0</subfield>
    <subfield code="2">ddc</subfield>
    <subfield code="4">0</subfield>
    <subfield code="6">AVM_MAO_1996_000000000000000_B070_OR_1</subfield>
    <subfield code="7">0</subfield>
    <subfield code="9">7661</subfield>
    <subfield code="a">LBB</subfield>
    <subfield code="b">LBB</subfield>
    <subfield code="c">B070</subfield>
    <subfield code="d">2015-10-03</subfield>
    <subfield code="o">AVM MAO 1996 B070 Or.1</subfield>
    <subfield code="p">RUA007615</subfield>
    <subfield code="r">2015-10-03</subfield>
    <subfield code="w">2015-10-03</subfield>
    <subfield code="y">AVM</subfield>
  </datafield>
  <datafield tag="952" ind1=" " ind2=" ">
    <subfield code="0">0</subfield>
    <subfield code="1">0</subfield>
    <subfield code="2">ddc</subfield>
    <subfield code="4">0</subfield>
    <subfield code="6">AVM_MAO_1996_000000000000000_B070_OR_2</subfield>
    <subfield code="7">0</subfield>
    <subfield code="9">7662</subfield>
    <subfield code="a">LBB</subfield>
    <subfield code="b">LBB</subfield>
    <subfield code="c">B070</subfield>
    <subfield code="d">2015-10-03</subfield>
    <subfield code="o">AVM MAO 1996 B070 Or.2</subfield>
    <subfield code="p">RUA007473</subfield>
    <subfield code="r">2015-10-03</subfield>
    <subfield code="w">2015-10-03</subfield>
    <subfield code="y">AVM</subfield>
  </datafield>
  <datafield tag="952" ind1=" " ind2=" ">
    <subfield code="0">0</subfield>
    <subfield code="1">0</subfield>
    <subfield code="2">ddc</subfield>
    <subfield code="4">0</subfield>
    <subfield code="6">AVM_MAO_1996_000000000000000_B070_OR_3</subfield>
    <subfield code="7">0</subfield>
    <subfield code="9">7663</subfield>
    <subfield code="a">LBB</subfield>
    <subfield code="b">LBB</subfield>
    <subfield code="c">B070</subfield>
    <subfield code="d">2015-10-03</subfield>
    <subfield code="o">AVM MAO 1996 B070 Or.3</subfield>
    <subfield code="p">RUA007401</subfield>
    <subfield code="r">2015-10-03</subfield>
    <subfield code="w">2015-10-03</subfield>
    <subfield code="y">AVM</subfield>
  </datafield>
</record>
